000 00314nam a22001457a 4500
003 SGT
020 _a9789393702746
082 _a346.03
_bGOU
100 _aGOUDKAMP JAMES
245 _aWINFIELD & JOLOWICZ ON TORT
250 _a20
260 _aLONDON
_bSWEET & MAXWELL
_c2022
300 _a804
942 _2ddc
_cBK
999 _c34436
_d34436